[Event "33rd World Open"]
[Site "Philadelphia USA"]
[Date "2005.06.29"]
[Round "2"]
[White "Guber,M"]
[Black "Milman,L"]
[Result "0-1"]
[WhiteElo "2090"]
[BlackElo "2439"]

1.e4 c5 2.c3 Nf6 3.e5 Nd5 4.Nf3 Nc6 5.d4 cxd4 6.cxd4 d6 7.Bc4 e6 8.O-O Be7
9.Bxd5 exd5 10.Nc3 dxe5 11.Nxe5 O-O 12.Nxc6 bxc6 13.Na4 Bd6 14.Nc5 Qh4 15.f4 Bg4
16.Qa4 Rac8 17.Bd2 Rfe8 18.Rae1 Rxe1 19.Rxe1 Bxf4 20.Qxc6 Qxe1+  0-1

[Event "2nd RUS Pupils Summer Boys"]
[Site "Satka RUS"]
[Date "2005.07.01"]
[Round "5"]
[White "Airapetian,G"]
[Black "Klimov,A"]
[Result "1/2-1/2"]
[WhiteElo "2179"]
[BlackElo "2319"]

1.e4 c5 2.c3 Nf6 3.e5 Nd5 4.d4 cxd4 5.Nf3 Nc6 6.Bc4 Nb6 7.Bb3 d5 8.exd6 Qxd6
9.O-O Be6 10.Na3 Bxb3 11.axb3 dxc3 12.Nb5 Qxd1 13.Rxd1 Rc8 14.Nxa7 c2 15.Rd2 Nxa7
16.Rxa7 e6 17.Rxb7 Nd5 18.Ne5 Be7 19.Nc4 O-O 20.Rxc2 Bb4 21.Bd2 Bxd2 22.Rxd2 Rb8
23.Rxb8 Rxb8 24.Rd3 Kf8 25.g3 Ke7 26.Kf1 f6 27.Ne3 Nb4 28.Rc3 Kd7 29.Ke2 Nc6
30.Rd3+ Ke7 31.Nc2 e5 32.Ke3 Ke6 33.Kd2 Rb7 34.Rc3 Kd6 35.b4 Nxb4 36.Rb3 Kc5
37.Rc3+ Kd6 38.Rb3 Kc5 39.Rc3+  1/2-1/2

[Event "6th EICC"]
[Site "Warsaw POL"]
[Date "2005.07.01"]
[Round "13"]
[White "Sliwinski,M"]
[Black "Kachur,A"]
[Result "1/2-1/2"]
[WhiteElo "2186"]
[BlackElo "2281"]

1.e4 c5 2.c3 Nf6 3.e5 Nd5 4.d4 cxd4 5.Nf3 e6 6.cxd4 d6 7.Bc4 Nc6 8.O-O Be7
9.exd6 Qxd6 10.Nc3 O-O 11.Re1 Nxc3 12.bxc3 b6 13.Ng5 h6 14.Nf3 Bb7 15.Bb3 Rfd8
16.Bc2 Bf8 17.Qd3 g6 18.h4 Bg7 19.h5 Ne7 20.a4 Rac8 21.Ba3 Qc7 22.Nh4 Qxc3
23.Bxe7 Rd7 24.Rac1 Qxd3 25.Bxd3 Rxc1 26.Rxc1 Rxe7 27.hxg6 Bxd4 28.Rd1 Bf6
29.g3 Rd7 30.gxf7+ Kxf7 31.Bg6+ Ke7 32.Rxd7+ Kxd7 33.Ng2 Bc6 34.Bc2 Bg5 35.Ne1 Kd6
36.Nd3 Bf3 37.Ne1 Bc6 38.f4 Bf6 39.Nd3 Be4 40.Kf2 Bd4+ 41.Ke2 h5 42.Bd1 Bf5
43.Kd2 Bg4 44.Bb3 Bf3 45.Ne1 Bd5 46.Bd1 Bc6 47.Nd3 Be8 48.Bb3 a6 49.Bd1 Kd5
50.Nb4+ Ke4 51.Ke2 Bg1 52.Nxa6 Kd4 53.Nc7 Bd7 54.Kf1 Be3 55.Bxh5 Bxa4 56.Nxe6+ Ke4
57.Kg2 Bd7 58.Ng5+ Kd4 59.Nf3+ Kd5 60.Bf7+ Ke4 61.Ne5 Bc8 62.Nc4 Bxf4 63.gxf4 Kxf4
64.Nxb6  1/2-1/2

[Event "DS"]
[Site "Brno CZE"]
[Date "2005.07.02"]
[Round "3"]
[White "Pridal,O"]
[Black "Rogule,L"]
[Result "1-0"]
[WhiteElo "2178"]
[BlackElo "2278"]

1.e4 c5 2.c3 Nf6 3.e5 Nd5 4.d4 cxd4 5.Nf3 Nc6 6.Bc4 Nb6 7.Bb3 d5 8.exd6 Qxd6
9.O-O dxc3 10.Nxc3 Qxd1 11.Rxd1 Bg4 12.Nb5 Rc8 13.Be3 Bxf3 14.gxf3 a6 15.Bxb6 axb5
16.Rd5 e6 17.Rxb5 Bd6 18.Be3 Rc7 19.Rc1 Ke7 20.a3 Rhc8 21.f4 g6 22.Kg2 Nd8
23.Rd1 Rc6 24.Bb6 Bc7 25.Bc5+ Bd6 26.Bb6 Bc7 27.Be3 Ra8 28.Bc5+ Ke8 29.Kf3 Raa6
30.Bb4 Bd6 31.Ba5 b6 32.Bc3 Nb7 33.Bc2 Nc5 34.Bf6 Be7 35.Bc3 Bd6 36.Bb4 Ke7
37.Rd2 Rc7 38.Bc3 Rc6 39.Bd4 f6 40.Be3 Rc7 41.b4 Nd7 42.a4 Rc3 43.Kg2 f5
44.Bd1 Bc7 45.Ra2 Ra8 46.Bf3 Rg8 47.a5 bxa5 48.bxa5 g5 49.fxg5 f4 50.Bd2 Rd3
51.Be4 Rd4 52.Bxh7 Rg7 53.g6 Ne5 54.Rb7 f3+ 55.Kf1 Kf6 56.Rb4 Rxb4 57.Bxb4 Nxg6
58.Bxg6 Rxg6 59.Bc3+ Kf5 60.a6 Bxh2 61.Ke1 Ke4 62.Kd2 Bf4+ 63.Kc2 Bb8 64.a7 Bxa7
65.Rxa7 Rg2 66.Ra4+ Kf5 67.Bd4 e5 68.Be3 Rg1 69.Kd3 Re1 70.Rh4 e4+ 71.Kd4 Rd1+
72.Kc5 Rd3 73.Rf4+ Ke5 74.Kc4 Ra3 75.Rf8 Ra4+ 76.Kc5 Ra2 77.Kc6 Rc2+ 78.Bc5 Rc3
79.Re8+ Kf4 80.Kd5 Rd3+ 81.Bd4 Kg4 82.Kxe4 Rd1 83.Rg8+ Kh3 84.Be3  1-0

[Event "LXVIII ch-CRC"]
[Site "San Jose Julio CRC"]
[Date "2005.07.02"]
[Round "1"]
[White "Alfaro,C"]
[Black "Bermudez,S"]
[Result "0-1"]
[WhiteElo "1931"]
[BlackElo "2223"]

1.e4 c5 2.c3 Nf6 3.e5 Nd5 4.d4 cxd4 5.Qxd4 e6 6.Bc4 Nc6 7.Qe4 f5 8.Qe2 Nb6
9.Bb3 Be7 10.Nf3 O-O 11.O-O Na5 12.Bc2 d6 13.Rd1 Qc7 14.Bf4 Nd5 15.exd6 Nxf4
16.Qe5 Bxd6 17.Qxd6 Qxd6 18.Rxd6 Nc4 19.Rd1 Nxb2 20.Re1 Nbd3 21.Rd1 Nc5 22.g3 Nd5
23.Nd4 f4 24.Nb3 Nxb3 25.axb3 fxg3 26.hxg3 Bd7 27.c4 Nf6 28.Nc3 Bc6 29.Rd2 a6
30.Re2 Rad8 31.Rxe6 Ng4 32.Rf1 Bf3 33.Ne4 h6 34.Re7 b5 35.c5 Rd5 36.b4 Rh5  0-1

[Event "2nd CHN-FRA Match"]
[Site "Shenzheng CHN"]
[Date "2005.07.02"]
[Round "5"]
[White "Benmesbah,N"]
[Black "Zhou Jianchao"]
[Result "0-1"]
[WhiteElo "2113"]
[BlackElo "2473"]

1.e4 c5 2.c3 Nf6 3.e5 Nd5 4.Nf3 Nc6 5.d4 cxd4 6.cxd4 d6 7.Bc4 Nb6 8.Bb3 d5
9.h3 Bf5 10.Nc3 e6 11.Ne2 Be4 12.Ng5 Bxg2 13.Rg1 Be4 14.Ng3 Bg6 15.h4 h6
16.h5 hxg5 17.hxg6 f5 18.exf6 Qxf6 19.Be3 Qxg6 20.Bc2 Qf7 21.Bxg5 Bb4+ 22.Bd2 O-O-O
23.Bxb4 Nxb4 24.Qd2 Nxc2+ 25.Qxc2+ Kb8 26.Qe2 Rc8 27.Nf1 Ka8 28.Qe5 Rc2 29.Rg2 Qf3  0-1

[Event "Open"]
[Site "Barbera del Valles ESP"]
[Date "2005.07.04"]
[Round "1"]
[White "Madeira,W"]
[Black "Mirzoev,A"]
[Result "0-1"]
[WhiteElo "2264"]
[BlackElo "2550"]

1.e4 c5 2.c3 Nf6 3.e5 Nd5 4.d4 cxd4 5.Nf3 Nc6 6.Bc4 Nb6 7.Bb3 g6 8.cxd4 Bg7
9.Qe2 O-O 10.O-O d6 11.h3 Bf5 12.Nc3 dxe5 13.dxe5 Bd3 14.Qe3 Bxf1 15.Kxf1 Na5
16.Qe4 Nxb3 17.axb3 Qd7 18.Bg5 f6 19.Bf4 Qc6 20.Qxc6 bxc6 21.exf6 exf6 22.Nd4 Rfc8
23.Ne6 a5 24.Bc7 Kf7 25.Bxb6 Kxe6 26.Bxa5 Bf8 27.b4 Rcb8 28.Re1+ Kf7 29.Re4 c5
30.Nd5 cxb4 31.Bc7 Rb5 32.Ne3 Rc8 33.Bg3 h5 34.Rd4 g5 35.Nc4 Kg6 36.b3 Rb7
37.h4 g4 38.Bf4 Ra7 39.Bd2 Ra1+ 40.Ke2 Re8+ 41.Ne3 Ra2 42.Kd3 Rb2 43.Nc4 Rb1
44.Kc2 Rg1 45.g3 Bc5 46.Rd7 Rg2 47.Rc7 Bxf2  0-1

[Event "FSGM July"]
[Site "Budapest HUN"]
[Date "2005.07.04"]
[Round "3"]
[White "Boros,De"]
[Black "Bindrich,F"]
[Result "1/2-1/2"]
[WhiteElo "2443"]
[BlackElo "2391"]

1.e4 c5 2.c3 Nf6 3.e5 Nd5 4.Nf3 Nc6 5.Bc4 Nb6 6.Bb3 d6 7.exd6 Qxd6 8.Na3 Be6
9.d4 cxd4 10.Nb5 Qd7 11.Nbxd4 Nxd4 12.Nxd4 Bd5 13.O-O e6 14.Qe2 Be7 15.Rd1 O-O
16.c4 Bc6 17.Nb5 Qc8 18.Be3 Bxb5 19.cxb5 Rd8 20.Bd4 Rd6 21.Rac1 Qd8 22.Be5 Rxd1+
23.Rxd1 Qe8 24.g3 Nd7 25.Bd4 Bf6 26.Qe4 Qc8 27.Bc2 g6 28.Bb3 Qc7 29.Bxf6 Nxf6
30.Qd4 Kg7 31.Bc4 Rc8 32.b3  1/2-1/2

[Event "4th Open"]
[Site "La Fere FRA"]
[Date "2005.07.04"]
[Round "4"]
[White "Afek,Y"]
[Black "Genov,Peta"]
[Result "1/2-1/2"]
[WhiteElo "2389"]
[BlackElo "2469"]

1.e4 c5 2.c3 Nf6 3.e5 Nd5 4.Nf3 e6 5.d4 cxd4 6.cxd4 d6 7.a3 Bd7 8.Bd3 Bc6
9.O-O Be7 10.Re1 Nd7 11.Nbd2 dxe5 12.Nxe5 Nxe5 13.dxe5 Nf4 14.Be4 Bxe4 15.Nxe4 Qxd1
16.Rxd1 Nd5  1/2-1/2

[Event "ch-SCO"]
[Site "Oban SCO"]
[Date "2005.07.04"]
[Round "3"]
[White "McGowan,D"]
[Black "Tate,A"]
[Result "1-0"]
[WhiteElo "2094"]
[BlackElo "2030"]

1.e4 c5 2.c3 Nf6 3.Bd3 Nc6 4.Nf3 d6 5.h3 g6 6.Bc2 Bg7 7.O-O e5 8.d4 O-O 9.dxc5 dxc5
10.Be3 Qe7 11.Nbd2 h6 12.Nb3 b6 13.a4 Be6 14.Qe2 Rac8 15.Nbd2 Nh5 16.Bb3 Na5
17.Bxe6 Qxe6 18.Rfd1 f5 19.exf5 gxf5 20.Nh4 Qf7 21.g4 f4 22.gxh5 fxe3 23.fxe3 Qf6
24.Ng6 Qg5+ 25.Kh2 Rf7 26.Ne4 Qf5 27.Nd6 Qf2+ 28.Qxf2 Rxf2+ 29.Kg3 Rcf8 30.Nxf8 Rxf8
31.Rf1 Rd8 32.Rad1 Rd7 33.Nf5 Rf7 34.e4 Bf8 35.Nh4 Rg7+ 36.Ng6 Be7 37.Kh2 Nc4
38.Rd8+  1-0

[Event "VISUS Open"]
[Site "Prague CZE"]
[Date "2005.07.04"]
[Round "3"]
[White "Wiener,R"]
[Black "Polak,P1"]
[Result "0-1"]
[WhiteElo "2038"]
[BlackElo "2159"]

1.e4 c5 2.c3 Nf6 3.e5 Nd5 4.d4 d6 5.Nf3 e6 6.dxc5 dxc5 7.Bc4 Be7 8.O-O O-O
9.Nbd2 a6 10.a4 Qc7 11.Re1 Rd8 12.Qc2 b6 13.Bd3 h6 14.Nf1 Bb7 15.Bc4 Nd7
16.Ba2 Nf8 17.Qe2 Bc6 18.Bb1 b5 19.axb5 axb5 20.Rxa8 Rxa8 21.h3 b4 22.c4 Nb6
23.b3 Qb7 24.N1h2 Bd8 25.Rd1 Bc7 26.Ne1 Nbd7 27.f4 f5 28.exf6 Nxf6 29.Nhf3 Be4
30.Be3 Bxb1 31.Rxb1 Ne4 32.Qb2 Rd8 33.Ne5 Nc3 34.Ra1 Qe4 35.Bxc5 Nd1 36.Qc2 Qxe1+
37.Kh2 Rd2 38.Rxd1 Qxd1 39.Qe4 Qe2 40.Qa8 Bxe5  0-1

[Event "LXVIII ch-CRC"]
[Site "San Jose Julio CRC"]
[Date "2005.07.05"]
[Round "3"]
[White "Alfaro,C"]
[Black "Leandro,J"]
[Result "0-1"]
[WhiteElo "1931"]
[BlackElo "2133"]

1.e4 c5 2.c3 Nf6 3.e5 Nd5 4.d4 e6 5.Nf3 b6 6.Bd3 Bb7 7.Nbd2 cxd4 8.cxd4 Nf4
9.Be4 Ba6 10.Ng1 f5 11.exf6 Qxf6 12.Qf3 d5 13.g3 dxe4 14.Qxf4 Qxf4 15.gxf4 Nc6
16.Ne2 Nb4 17.Kd1 Bd3 18.b3 Rc8 19.a3 Bc2+ 20.Ke1 Nd3+ 21.Kf1 Nxc1 22.Nxc1 Bd6
23.Ne2 O-O  0-1

[Event "FSGM July"]
[Site "Budapest HUN"]
[Date "2005.07.06"]
[Round "5"]
[White "Manca,F"]
[Black "Bindrich,F"]
[Result "1/2-1/2"]
[WhiteElo "2390"]
[BlackElo "2391"]

1.e4 c5 2.c3 Nf6 3.e5 Nd5 4.Nf3 Nc6 5.Bc4 Nb6 6.Bb5 a6 7.Be2 d6 8.exd6 Qxd6
9.d4 cxd4 10.cxd4 g6 11.O-O Bg7 12.Be3 O-O 13.Nc3 Rd8 14.Qd2 Nd5 15.Rad1 Bf5
16.Bh6 Bh8 17.h3 Rac8 18.Rfe1 Nxc3 19.bxc3 Na5 20.Bf4 Qc6 21.Rc1 Be6 22.Be5 Bxe5
23.Nxe5 Qd6 24.Bg4 Bxg4 25.Nxg4 Nc6 26.Qg5 Qd5 27.Qf4 h5 28.Ne3 Qd6  1/2-1/2

[Event "ch-BEL"]
[Site "Aalst BEL"]
[Date "2005.07.07"]
[Round "6"]
[White "Hovhanisian,M"]
[Black "Maenhout,T"]
[Result "1-0"]
[WhiteElo "2354"]
[BlackElo "2150"]

1.e4 c5 2.c3 Nf6 3.e5 Nd5 4.Nf3 e6 5.d4 cxd4 6.cxd4 d6 7.Bc4 Nc6 8.O-O Be7
9.exd6 Qxd6 10.Nc3 O-O 11.Ne4 Qb4 12.Qd3 Rd8 13.a3 Qb6 14.b4 a6 15.Rd1 Qc7
16.Be3 b5 17.Bb3 a5 18.Rac1 Qb6 19.Bxd5 exd5 20.Neg5 g6 21.Nxf7 Rf8 22.N7e5 Nd8
23.bxa5 Qxa5 24.Nxg6 hxg6 25.Qxg6+ Kh8 26.Rxc8  1-0

[Event "Open"]
[Site "Barbera del Valles ESP"]
[Date "2005.07.08"]
[Round "5"]
[White "Oms Fuentes,L"]
[Black "Panelo,M"]
[Result "0-1"]
[WhiteElo "2281"]
[BlackElo "2404"]

1.e4 c5 2.c3 Nf6 3.e5 Nd5 4.d4 cxd4 5.Nf3 e6 6.cxd4 d6 7.Bc4 Nc6 8.O-O Be7
9.Qe2 O-O 10.Nc3 Nxc3 11.bxc3 dxe5 12.Nxe5 Nxe5 13.Qxe5 Bd6 14.Qe2 b6 15.Bd2 Bb7
16.f4 Rc8 17.Ba6 Bxa6 18.Qxa6 Bb8 19.a4 Qd5 20.Qb5 Rfd8 21.Qxd5 Rxd5 22.Rfb1 g6
23.Rb5 f5 24.Kf2 Rc4 25.Ke3 Kf7 26.Kd3 Rc8 27.g3 h6 28.Rab1 Bc7 29.c4 Rd7
30.Be3 Bd8 31.a5 Rc6 32.axb6 axb6 33.Kc3 Rcd6 34.d5 exd5 35.cxd5 Rxd5 36.Rxd5 Rxd5
37.Bxb6 Bf6+ 38.Kc2 g5 39.Be3 gxf4 40.Bxf4 Bg5 41.Rb6 Bxf4 42.gxf4 Kg7 43.Kc3 Rd1
44.Rb2 Kg6 45.Rf2 Kh5 46.h3 Kh4 47.Rf3 Rh1 48.Kd4 Rxh3 49.Rf1 Kg4 50.Ke5 Rg3
51.Ra1 h5 52.Ra8 Re3+ 53.Kf6 Kxf4 54.Ra5 h4 55.Rxf5+ Kg3 56.Rg5+ Kf2 57.Kf5 h3
58.Kf4 Ra3  0-1

[Event "Viking GM"]
[Site "St Petersburg RUS"]
[Date "2005.07.08"]
[Round "2"]
[White "Deviatkin,A"]
[Black "Yevseev,D"]
[Result "1-0"]
[WhiteElo "2521"]
[BlackElo "2537"]

1.e4 c5 2.c3 Nf6 3.e5 Nd5 4.d4 cxd4 5.Qxd4 e6 6.Nf3 Nc6 7.Qe4 f5 8.Qe2 Qc7
9.g3 b6 10.Bg2 Ncb4 11.Qd1 Ba6 12.Bf1 Bxf1 13.Kxf1 Nc6 14.Qe2 Nde7 15.Kg2 Ng6
16.Re1 Be7 17.h4 O-O 18.h5 Nh8 19.Bf4 Nf7 20.Nbd2 Qb7 21.a4 g5 22.hxg6 hxg6
23.Rg1 g5 24.Kf1 g4 25.Nh2 Nh8 26.Nxg4 fxg4 27.Qxg4+ Kf7 28.Qh5+ Ng6 29.Qh7+ Ke8
30.Qxg6+ Kd8 31.Qe4 b5 32.axb5 Qxb5+ 33.Nc4 Kc7 34.Kg2 Rxf4 35.Qxf4 Qd5+
36.f3 Rf8 37.Qe4  1-0

[Event "Open A"]
[Site "Klatovy CZE"]
[Date "2005.07.09"]
[Round "8"]
[White "Folk,P"]
[Black "Sott,P"]
[Result "0-1"]
[WhiteElo "2246"]
[BlackElo "2102"]

1.e4 c5 2.c3 Nf6 3.e5 Nd5 4.d4 cxd4 5.Nf3 Nc6 6.Bc4 Nb6 7.Bb3 d6 8.exd6 Qxd6
9.O-O e6 10.Nxd4 Nxd4 11.cxd4 Be7 12.Nc3 O-O 13.Qf3 Qxd4 14.Be3 Qf6 15.Qe4 Qg6
16.Qxg6 hxg6 17.Rfd1 Nd7 18.Nb5 b6 19.Bc2 Nf6 20.a4 Bb7 21.a5 Nd5 22.a6 Bc6
23.Nd4 Rac8 24.Nxc6 Rxc6 25.Be4 Rd8 26.g3 Bf6 27.Rac1 Rxc1 28.Bxc1 Nb4 29.Rxd8+ Bxd8
30.Bb7 Nd3 31.Be3 Bc7 32.b3 Kf8 33.Kf1 Ke7 34.Ke2 Nb4 35.h4 Kd6 36.Kd2 Nd5
37.Kd3 Nxe3 38.Kxe3 Kc5 39.Kd3 Be5 40.g4 f5 41.Bc8 fxg4 42.Bxe6 g3 43.fxg3 Bxg3
44.Bf7 Bxh4 45.Bxg6 Kb5 46.Be8+ Kxa6 47.Kc4 Kb7 48.Bg6 a6 49.b4 b5+ 50.Kb3 Kb6
51.Bf5 g5 52.Be6 Be1 53.Bf5 a5 54.bxa5+ Kxa5 55.Bg4 Kb6 56.Bd7 Kc5  0-1

[Event "16th Open"]
[Site "Ljubljana SLO"]
[Date "2005.07.09"]
[Round "1"]
[White "Ursic,J"]
[Black "Krumpacnik,D"]
[Result "0-1"]
[WhiteElo "1910"]
[BlackElo "2379"]

1.e4 c5 2.c3 Nf6 3.e5 Nd5 4.d4 cxd4 5.Nf3 e6 6.cxd4 b6 7.Bc4 Bb7 8.O-O Be7
9.Bxd5 Bxd5 10.Nc3 Bb7 11.Be3 O-O 12.Rc1 d6 13.Nb5 Nc6 14.exd6 Bxd6 15.Nxd6 Qxd6
16.a3 Rfd8 17.Qe2 Qd5 18.Rfd1 Rd7 19.Qc4 Qh5 20.Rd2 Rad8 21.Rcd1 Na5 22.Qe2 Nb3
23.Ne5 Qxe2 24.Rxe2 Rc7 25.f3 f6 26.Ng4 Ba6 27.Ree1 Rc2 28.Nf2 Be2 29.Rb1 Nxd4
30.Bxd4 Rxd4 31.Rbc1 Rxb2 32.Rc8+ Kf7 33.Rc7+ Kg6 34.Rxa7 Bc4 35.Rc7 b5 36.Rc1 Rdd2  0-1

[Event "FSGM July"]
[Site "Budapest HUN"]
[Date "2005.07.11"]
[Round "10"]
[White "Kristjansson,St"]
[Black "Bindrich,F"]
[Result "1-0"]
[WhiteElo "2459"]
[BlackElo "2391"]

1.e4 c5 2.c3 Nf6 3.e5 Nd5 4.d4 cxd4 5.Nf3 Nc6 6.Bc4 Nb6 7.Bb3 d5 8.exd6 Qxd6
9.O-O Be6 10.Bxe6 Qxe6 11.Nxd4 Qd7 12.Nxc6 Qxc6 13.Nd2 e6 14.Qg4 h5 15.Qe2 O-O-O
16.c4 f6 17.b3 e5 18.Ne4 Na8 19.Nc3 Nc7 20.Be3 Kb8 21.Rad1 Bd6 22.Rd3 h4
23.h3 Bc5 24.Rfd1 Rxd3 25.Rxd3 Ne6 26.Qd2 Bb4 27.Qc2 Bxc3 28.Qxc3 Rd8 29.Qd2 Rxd3
30.Qxd3 Kc7 31.Qh7 Qa6 32.Qg8 Kd7 33.Qf7+ Kd6 34.a4 Qc6 35.Bxa7 b6 36.Bb8+ Kc5
37.Qe7+ Kd4 38.Qb4 Qb7 39.c5+ Kd3 40.Qc4+ Kd2 41.Qxe6 Qxb8  1-0

[Event "57th ch-Montenegro"]
[Site "Cetinje SCG"]
[Date "2005.07.11"]
[Round "4"]
[White "Miljanic,B"]
[Black "Ivanovic,B"]
[Result "0-1"]
[WhiteElo "2435"]
[BlackElo "2438"]

1.e4 c5 2.c3 Nf6 3.e5 Nd5 4.d4 cxd4 5.Nf3 Nc6 6.Bc4 e6 7.cxd4 d6 8.O-O Nb6
9.Bd3 dxe5 10.dxe5 Nb4 11.Be4 Qxd1 12.Rxd1 Bd7 13.Bxb7 Rb8 14.Be4 f5 15.exf6 gxf6
16.Nd4 Bg7 17.Nc3 f5 18.a3 Bxd4 19.Rxd4 Nc6 20.Bxc6 Bxc6 21.Rd6 Bd7 22.Bf4 Rb7
23.Rd4 Rg8 24.Re1 Kf7 25.Bg3 Rc8 26.Rb4 Rc4 27.Nb5 Bxb5 28.Rxb5 Rd7 29.Bb8 Rc2
30.Bxa7 Nc4 31.Bb6 Rb7 32.Rc5 Rxb6  0-1

[Event "16th Open"]
[Site "Ljubljana SLO"]
[Date "2005.07.13"]
[Round "7"]
[White "Gjuran,D"]
[Black "Susnik,M"]
[Result "1-0"]
[WhiteElo "2340"]
[BlackElo "2213"]

1.e4 c5 2.c3 Nf6 3.e5 Nd5 4.d4 cxd4 5.Nf3 e6 6.cxd4 d6 7.Bc4 Nb6 8.Bb3 Nc6
9.O-O dxe5 10.dxe5 Qxd1 11.Rxd1 Na5 12.Nc3 Bd7 13.Nd4 a6 14.Bc2 Nc6 15.Nf3 Nb4
16.Bb3 Bc6 17.Nd4 Bd5 18.Nxd5 N4xd5 19.a4 a5 20.Nf5 g6 21.Ne3 O-O-O 22.Bd2 Bb4
23.Bxd5 Nxd5 24.Nc4 Kb8 25.Nxa5 Bxa5 26.Bxa5 Rc8 27.Rac1 Rxc1 28.Rxc1 Rc8
29.Rxc8+ Kxc8 30.Kf1 Kd7 31.Ke2 Nf4+ 32.Kf3 Nd3 33.Bc3 Kc6 34.Ke3 Nc5 35.a5 Kd5
36.b4 Nd7 37.Kd3 Nb8 38.f4 h5 39.g3 Nd7 40.Bd4 Nb8 41.b5 Nd7 42.a6 bxa6 43.bxa6 Kc6
44.Kc4 Nf8 45.a7 Kb7 46.Kc5 Nh7 47.Kd6 g5 48.Ke7 h4 49.Kxf7 hxg3 50.hxg3 gxf4
51.gxf4  1-0

[Event "27th Open"]
[Site "Oberwart AUT"]
[Date "2005.07.13"]
[Round "5"]
[White "Schroll,G"]
[Black "Loidl,F"]
[Result "0-1"]
[WhiteElo "2351"]
[BlackElo "2206"]

1.e4 c5 2.c3 Nf6 3.e5 Nd5 4.Nf3 Nc6 5.Bc4 Nb6 6.Bb3 c4 7.Bc2 d6 8.exd6 e5
9.b3 cxb3 10.axb3 Bxd6 11.Qe2 O-O 12.O-O Bg4 13.Qd3 f5 14.Ba3 Bxa3 15.Qxd8 Raxd8
16.Rxa3 Bxf3 17.gxf3 Nd5 18.b4 Nf4 19.b5 Ne7 20.Rxa7 Neg6 21.Rxb7 Nh4 22.h3 Nxf3+
23.Kh1 Rf6 24.Rc7 e4 25.Rc6 Rdd6 26.Rc8+ Kf7 27.Rc7+ Kf8 28.Rc8+ Ke7 29.Rg8 Rh6
30.Rxg7+ Kf8 31.Rg3 Rdg6  0-1

[Event "16th Open"]
[Site "Ljubljana SLO"]
[Date "2005.07.14"]
[Round "8"]
[White "Ursic,Sim"]
[Black "Penko,I"]
[Result "1/2-1/2"]
[WhiteElo "1995"]
[BlackElo "2235"]

1.e4 c5 2.c3 Nf6 3.e5 Nd5 4.d4 cxd4 5.Nf3 Nc6 6.cxd4 d6 7.Bc4 Nb6 8.Bb5 d5
9.Nc3 Bf5 10.O-O e6 11.Be3 Be7 12.Rc1 O-O 13.Bd3 Bxd3 14.Qxd3 Rc8 15.Nd2 f6
16.f4 Qd7 17.Nf3 Nc4 18.Qe2 fxe5 19.fxe5 Nxe3 20.Qxe3 Na5 21.b3 b5 22.Qd3 a6
23.Ne2 Rxc1 24.Rxc1 Rc8 25.Qd2 Rxc1+ 26.Nxc1 Nc6 27.Nd3 Qa7 28.Nf4 Bb4 29.Qd3 Qe7
30.Qc2 Na7 31.h4 h6 32.Qg6 Nc6 33.Nxe6 Qf7 34.Qxf7+ Kxf7 35.Nf4 Bc3 36.Nxd5 Bxd4+
37.Nxd4 Nxd4 38.Nc7 a5 39.Kf2 a4 40.bxa4 bxa4 41.g3 Nc6 42.e6+ Ke7 43.Ke3 Nb4
44.Ke4 Kd6 45.e7 Kxe7 46.Nd5+ Nxd5 47.Kxd5 Kf6 48.g4 h5 49.gxh5 Kf5 50.Kc4 Kg4
51.Kb4 Kxh5 52.Kxa4 Kxh4 53.Kb5 g5 54.a4 g4 55.a5 g3 56.a6 g2 57.a7 g1=Q
58.a8=Q  1/2-1/2

[Event "27th Open"]
[Site "Oberwart AUT"]
[Date "2005.07.14"]
[Round "6"]
[White "Rohler,S"]
[Black "Levin,F"]
[Result "1-0"]
[WhiteElo "2235"]
[BlackElo "2501"]

1.e4 c5 2.c3 Nf6 3.e5 Nd5 4.d4 cxd4 5.Nf3 e6 6.cxd4 d6 7.Nc3 Nxc3 8.bxc3 Qc7
9.Bd2 Nd7 10.Qa4 b6 11.Bb5 Be7 12.O-O O-O 13.Rfe1 dxe5 14.Bc6 Rb8 15.Nxe5 Nxe5
16.dxe5 Rd8 17.Rad1 Bd7 18.Bxd7 Rxd7 19.Be3 Rbd8 20.Bd4 Rd5 21.Rd3 Bc5 22.g3 g6
23.Re4 Bf8 24.Rf3 Ra5 25.Qb3 Ra3 26.Qb1 Qc6 27.Rfe3 Rd5 28.c4 Rda5 29.Re2 R5a4
30.Bb2 Rxa2 31.Rd4 b5 32.Rd8 Qb6 33.Qd3 bxc4 34.Qd6 Qxd6 35.exd6 c3 36.Bxc3 Ra1+
37.Bxa1 Rxa1+ 38.Kg2  1-0

[Event "inAUTOmarket Open"]
[Site "Minsk BLR"]
[Date "2005.07.15"]
[Round "6"]
[White "Kozlov,Y"]
[Black "Kurenkov,N"]
[Result "1-0"]
[WhiteElo "2323"]
[BlackElo "2455"]

1.e4 c5 2.c3 Nf6 3.e5 Nd5 4.d4 cxd4 5.Nf3 Nc6 6.Bc4 Nb6 7.Bb3 d5 8.exd6 Qxd6
9.O-O Be6 10.Na3 dxc3 11.Qe2 Bxb3 12.Nb5 Qb8 13.axb3 e6 14.bxc3 Be7 15.c4 a6
16.Nbd4 Nxd4 17.Nxd4 Qc7 18.Bb2 Nd7 19.Nxe6 fxe6 20.Bxg7 Rg8 21.Qh5+ Kd8
22.Qf7 Re8 23.Rfe1 a5 24.Rxe6 Ra6 25.Rxa6 bxa6 26.Rd1 Qc6 27.Bc3 Bb4 28.Bf6+ Be7
29.Bc3 Bb4 30.Bxb4 axb4 31.Qxh7 Kc8 32.h4 Nc5 33.h5 Qe4 34.Qa7 Nd3 35.Qxa6+ Kc7
36.c5 Ne5 37.h6 Qg4 38.Qd6+ Kc8 39.Qa6+ Kb8 40.Qb5+ Kc7 41.Qb6+ Kc8 42.Qa6+ Kb8
43.Qd6+ Kc8 44.Qd5 Rg8 45.h7 Rf8 46.Qa8+ Kc7 47.Qa7+ Kc8 48.Qa6+ Kc7 49.Qd6+ Kb7
50.Qe7+  1-0

[Event "ACT Open"]
[Site "Amsterdam NED"]
[Date "2005.07.16"]
[Round "1"]
[White "Lyell,Ma"]
[Black "Ivanov,Jo"]
[Result "0-1"]
[WhiteElo "2194"]
[BlackElo "2347"]

1.e4 c5 2.c3 Nf6 3.e5 Nd5 4.d4 cxd4 5.Nf3 Nc6 6.Bc4 e6 7.Bxd5 exd5 8.O-O d6
9.exd6 Bxd6 10.Re1+ Be6 11.Nxd4 O-O 12.Nxe6 fxe6 13.Qg4 Ne5 14.Qxe6+ Kh8
15.Be3 Nd3 16.Re2 Qc7 17.Nd2 Bxh2+ 18.Kh1 Bf4 19.Nf3 Rae8 20.Qxd5 Nxf2+ 21.Rxf2 Bxe3
22.Re2 Qf4 23.Nh2 Qh4 24.Qxb7 Bf4 25.g3 Bxg3 26.Qg2 Rxe2 27.Qxe2 h6 28.Kg1 Rf2
29.Qe8+ Kh7 30.Nf1 Bh2+ 31.Kh1 Bc7+ 32.Kg1 Bb6  0-1

[Event "ACT Open"]
[Site "Amsterdam NED"]
[Date "2005.07.16"]
[Round "1"]
[White "Afek,Y"]
[Black "Breivik,L"]
[Result "1/2-1/2"]
[WhiteElo "2389"]
[BlackElo "2217"]

1.e4 c5 2.c3 Nf6 3.e5 Nd5 4.Nf3 Nc6 5.d4 cxd4 6.cxd4 d6 7.Bc4 Nb6 8.Bb5 dxe5
9.Nxe5 Bd7 10.Nxd7 Qxd7 11.O-O a6 12.Bxc6 Qxc6 13.Nc3 Rd8 14.Be3 e6 15.Qg4 h5
16.Qg5 Nd5 17.Rac1 Nf6 18.f3 h4 19.Ne4 Nxe4 20.Qxd8+ Kxd8 21.Rxc6 bxc6 22.fxe4 f6
23.Rc1 Kd7 24.Rc4 Rh5 25.Ra4 Rb5 26.b3 a5 27.Kf2 Bd6 28.h3 Bc7 29.Kf3 Bd8
30.Bf2 f5 31.Be1 fxe4+ 32.Kxe4 Rf5 33.b4 axb4 34.Ra7+ Bc7 35.Bxb4 Kc8 36.Ra8+ Kb7
37.Re8 Rf2 38.Re7 Kc8 39.a4 Rxg2 40.a5 Rb2 41.Bc5 Bxa5 42.Ke5 Bc7+ 43.Kxe6 Re2+
44.Kf5 Rxe7 45.Bxe7 Bd8 46.Bf8 Bf6 47.Ke4 g6 48.d5 cxd5+ 49.Kxd5 Kd7  1/2-1/2

[Event "ch-IRL"]
[Site "Dublin IRL"]
[Date "2005.07.16"]
[Round "8"]
[White "Brady,S"]
[Black "O'Connell,G"]
[Result "1-0"]
[WhiteElo "2320"]
[BlackElo "2134"]

1.e4 c5 2.c3 Nf6 3.e5 Nd5 4.d4 cxd4 5.Nf3 e6 6.Bc4 dxc3 7.Bxd5 cxb2 8.Bxb2 Qa5+
9.Nc3 Bb4 10.O-O Bxc3 11.Bxc3 Qxd5 12.Qe2 b6 13.Rfd1 Ba6 14.Qe3 Qc5 15.Qd2 Qc7
16.Rac1 Nc6 17.Ng5 h6 18.Ne4 O-O 19.Nf6+ Kh8 20.Bb4 Qb7 21.Rc3 Nxe5 22.Rh3  1-0

[Event "ACT Open"]
[Site "Amsterdam NED"]
[Date "2005.07.17"]
[Round "2"]
[White "Megaranto,S"]
[Black "Wunnink,M"]
[Result "1-0"]
[WhiteElo "2499"]
[BlackElo "2223"]

1.e4 c5 2.c3 Nf6 3.e5 Nd5 4.Nf3 Nc6 5.Bc4 Nb6 6.Bb3 c4 7.Bc2 d6 8.exd6 Qxd6
9.O-O g6 10.Na3 Bg7 11.Qe2 Qe6 12.Be4 f5 13.Bxc6+ bxc6 14.Re1 Qxe2 15.Rxe2 Kf7
16.b3 h6 17.Nxc4 Nxc4 18.bxc4 Ba6 19.Ba3 Rhe8 20.Ne5+ Bxe5 21.Rxe5 Bxc4 22.Rc5 Bd5
23.c4 Be4 24.Re1 Rab8 25.f3 Rb1 26.Kf2 Rxe1 27.Kxe1 Bb1 28.Rxc6 e5 29.Rc7+ Ke6
30.Rxa7 Bxa2 31.Ra6+ Kf7 32.c5 e4 33.Ra7+ Re7 34.Rxe7+ Kxe7 35.fxe4 fxe4
36.c6+ Kd8 37.Bd6 h5 38.Kf2 Bc4 39.Ke3 Bd3 40.Kf4 Bf1 41.g3 Bd3 42.Kg5 Bc2
43.Bf4 Bd3 44.Kf6 Bc2 45.h3 Bd3 46.Be3 Kc7 47.Kxg6 Be2 48.g4 h4 49.Kg5 Kxc6
50.Kxh4 Kd7 51.Kg5 Ke7 52.h4 Kf7 53.Kf5 Bf3 54.h5 Kg7 55.h6+ Kh7 56.g5  1-0

[Event "Politiken Cup"]
[Site "Copenhagen DEN"]
[Date "2005.07.17"]
[Round "3"]
[White "Schmied,A"]
[Black "Trygstad,K"]
[Result "1/2-1/2"]
[WhiteElo "2085"]
[BlackElo "2304"]

1.e4 c5 2.c3 Nf6 3.e5 Nd5 4.d4 cxd4 5.Nf3 e6 6.cxd4 d6 7.Bc4 Nc6 8.O-O Be7
9.Qe2 O-O 10.Qe4 Qc7 11.Re1 Bd7 12.Bg5 Ndb4 13.Bb3 d5 14.Qh4 Bxg5 15.Qxg5 Na5
16.Nbd2 Qd8 17.Qe3 Rc8 18.Rec1 Qb6 19.a3 Nxb3 20.Qxb3 Nc2 21.Qxb6 axb6 22.Rab1 Rc6
23.Nb3 Rfc8 24.Rd1 Rc4 25.Nfd2 R4c7 26.Nf3 Ba4 27.Nbd2 Bb5 28.Nf1 Be2 29.Rd2 Bxf3
30.gxf3 Rc4 31.Rbd1 b5 32.Ne3 R4c6 33.Kf1 Kf8 34.Ke2 Ke7 35.Kd3 Nxe3  1/2-1/2

[Event "Politiken Cup"]
[Site "Copenhagen DEN"]
[Date "2005.07.17"]
[Round "3"]
[White "Hansen,HeD"]
[Black "Laursen,N1"]
[Result "1/2-1/2"]
[WhiteElo "1901"]
[BlackElo "2134"]

1.e4 c5 2.c3 Nf6 3.e5 Nd5 4.Nf3 e6 5.d4 cxd4 6.cxd4 b6 7.Nc3 Nxc3 8.bxc3 Qc7
9.Qb3 Bb7 10.Be2 Be7 11.O-O O-O 12.Ba3 d6 13.exd6 Bxd6 14.Bxd6 Qxd6 15.Rac1 Nc6
16.Rfe1 Rac8 17.Qb2 Rfd8 18.Bd3 Qf4 19.Qd2 Qxd2 20.Nxd2 Na5 21.f3 Bd5 22.a3 Rc7
23.Kf2 Kf8 24.f4 Nc4 25.Nxc4 Bxc4 26.Bxc4 Rxc4 27.Red1 b5 28.Rd3 Ke7 29.Ke3 Rd6
30.Rd2 Ra6 31.Ra2 Kf6 32.g3 h5 33.h3 b4 34.Kd3 Rxc3+ 35.Rxc3 bxc3 36.Kxc3 Ra4
37.Kd3 Kf5 38.Ra1 Kf6 39.Ke3 Ke7 40.g4 h4 41.Ke4 Ra5 42.a4 Kd6 43.Ra2 g6
44.g5 Ke7  1/2-1/2